[Event "Julian Mazur Memorial"]
[Site "Wellington Chess Club"]
[Date "2016.08.18"]
[Round "6"]
[White "Sellen, Ian"]
[Black "Dive, Russell"]
[Result "0-1"]
[WhiteElo "2116"]
[BlackElo "2452"]

1. c4 e5 2. Nc3 f5 3. g3 Nc6 4. Bg2 g6 5. e3 Bg7 6. Nge2 Nf6 7. d4 d6 8. dxe5
dxe5 9. Bxc6+ bxc6 10. Qxd8+ Kxd8 11. O-O Be6 12. b3 Ke7 13. Ba3+ Kf7 14. Rad1
g5 15. f3 h5 16. e4 Kg6 17. h4 fxe4 18. Nxe4 Nxe4 19. fxe4 Bg4 20. Rf2 gxh4 21.
gxh4 Bf6 22. Rh2 Rhd8 23. Rxd8 Rxd8 24. Nc3 Rd3 25. Bb4 Bh3 26. Kf2 Bxh4+ 27.
Ke2 Rg3 28. Nd1 Bg4+ 29. Kd2 Bg5+ 30. Kc2 Bf4 31. Bd2 Bxd1+ 0-1

[Event "Julian Mazur Memorial"]
[Site "Wellington Chess Club"]
[Date "2016.08.25"]
[Round "7"]
[White "Aldridge, Alan"]
[Black "List, Robert"]
[Result "1/2-1/2"]
[WhiteElo "1992"]
[BlackElo "1661"]

1. d4 c6 2. c4 Nf6 3. Nc3 d6 4. e4 Qc7 5. Nf3 Bg4 6. Be2 Nbd7 7. O-O e5 8. d5
Be7 9. Be3 Bh5 10. Nd2 Bg6 11. Rc1 a6 12. b4 Rc8 13. f4 exf4 14. Bxf4 Qb6+ 15.
Kh1 Qxb4 16. Qe1 Nc5 17. e5 dxe5 18. Bxe5 Nd3 19. Bxd3 Bxd3 20. Rxf6 gxf6 21.
Bxf6 Rg8 22. Nce4 cxd5 23. a3 Qxa3 24. Rc3 Qb4 25. Rxd3 dxe4 26. Qxe4 Rxc4 27.
Qe1 Rc6 28. Bd4 Re6 29. Qc1 Rc6 30. Qe1 1/2-1/2

[Event "Julian Mazur Memorial"]
[Site "Wellington Chess Club"]
[Date "2016.08.25"]
[Round "7"]
[White "Coghini, Phillip"]
[Black "Stracy, Don"]
[Result "1-0"]
[WhiteElo "1872"]
[BlackElo "1742"]

1. d4 Nf6 2. c4 e6 3. Nf3 b6 4. Nc3 Bb4 5. Qc2 Bb7 6. a3 Bxc3+ 7. Qxc3 O-O 8.
g3 c5 9. Bg2 cxd4 10. Qxd4 Nc6 11. Qc3 h6 12. O-O d5 13. Rd1 Qe7 14. b4 dxc4
15. Bb2 Rfd8 16. Ne5 Nxe5 17. Qxe5 Bxg2 18. Kxg2 Qb7+ 19. f3 Rd5 20. Rxd5 exd5
21. Qf4 Qc6 22. Bc3 Re8 23. e3 Qe6 24. Bd4 Nh7 25. g4 g5 26. Qc7 Qe7 27. Qc6
Qe6 28. Qb7 a5 29. b5 Rc8 30. Rc1 Nf8 31. Bxb6 c3 32. Bd4 c2 33. Qb6 Rc4 34.
Qxe6 fxe6 35. b6 Nd7 36. b7 Nb8 37. Be5 Nc6 38. b8=Q+ Nxb8 39. Bxb8 Kf7 40. Be5
Kg6 41. h3 h5 42. Kf2 hxg4 43. hxg4 Kf7 44. Ke2 1-0

[Event "Julian Mazur Memorial"]
[Site "Wellington Chess Club"]
[Date "2016.08.25"]
[Round "7"]
[White "Dive, Russell"]
[Black "Cunningham, Patrick"]
[Result "1-0"]
[WhiteElo "2452"]
[BlackElo "1744"]

1. Nf3 Nf6 2. g3 g6 3. Bg2 Bg7 4. O-O O-O 5. c4 c6 6. d4 Na6 7. Nc3 Nc7 8. e4
d5 9. cxd5 cxd5 10. e5 Ne4 11. Nxe4 dxe4 12. Ng5 Ne6 13. Nxe6 Bxe6 14. Bxe4 Bd5
15. Qf3 e6 16. Be3 f5 17. Bxd5 exd5 18. h4 Qd7 19. Rac1 Rac8 20. Rfe1 Qe6 21.
Bf4 Kh8 22. Qb3 b6 23. Qa4 Rf7 24. Rxc8+ Qxc8 25. Rc1 Qg8 26. Qc6 Bf8 27. Qxd5
h6 28. Rc8 g5 29. hxg5 hxg5 30. Bxg5 f4 31. Bf6+ Rxf6 32. Qxg8+ Kxg8 33. exf6
1-0

[Event "Julian Mazur Memorial"]
[Site "Wellington Chess Club"]
[Date "2016.08.25"]
[Round "7"]
[White "Forlong-Ford, Colwyn"]
[Black "Bennett, Ezra"]
[Result "1-0"]
[WhiteElo "1731"]
[BlackElo "1299"]

1. e4 Nf6 2. Nc3 g6 3. Bc4 Bg7 4. e5 Ng8 5. d4 f6 6. Qf3 d6 7. e6 Nh6 8. g4 f5
9. g5 Ng8 10. d5 c6 11. Nge2 Qb6 12. b3 a6 13. Bb2 h6 14. O-O-O c5 15. Kb1 hxg5
16. Bd3 Nh6 17. Na4 g4 18. Qf4 Qb4 19. Qxb4 cxb4 20. Bxg7 Rh7 21. Bd4 Ra7 22.
Bxa7 Nc6 23. dxc6 bxc6 24. Bc4 d5 25. Bd3 Bxe6 26. Bxa6 Ng8 27. Bc5 1-0

[Event "Julian Mazur Memorial"]
[Site "Wellington Chess Club"]
[Date "2016.08.25"]
[Round "7"]
[White "Jackson, Ross"]
[Black "Sellen, Ian"]
[Result "1/2-1/2"]
[WhiteElo "2027"]
[BlackElo "2116"]

1. d4 d5 2. c4 e6 3. Nc3 Nf6 4. cxd5 exd5 5. Bg5 c6 6. e3 Bf5 7. Bd3 Bg6 8.
Nge2 Bd6 9. Bxg6 hxg6 10. Bf4 Qe7 11. Qb3 b6 12. h3 Nbd7 13. Rc1 Bxf4 14. Nxf4
g5 15. Nfe2 g4 16. Nf4 g3 17. Nd1 gxf2+ 18. Nxf2 Rc8 19. O-O O-O 20. Rfe1 Qd6
21. Qd1 Rfe8 22. Qf3 Ne4 23. Nxe4 Rxe4 24. Nh5 g6 25. Ng3 Re6 26. Rcd1 Nf6 27.
e4 Nxe4 28. Nxe4 dxe4 29. Rxe4 Rce8 30. Rde1 Kg7 31. Rxe6 Rxe6 32. Rxe6 Qxe6
33. Qc3 Kh7 34. b3 Qd5 1/2-1/2

[Event "Julian Mazur Memorial"]
[Site "Wellington Chess Club"]
[Date "2016.08.25"]
[Round "7"]
[White "Nijman, Brian"]
[Black "Forster, Bill"]
[Result "1/2-1/2"]
[WhiteElo "2141"]
[BlackElo "2075"]

1. d4 d5 2. Bf4 Nf6 3. e3 e6 4. Nd2 Bd6 5. Bg3 b6 6. c3 Bb7 7. Bd3 c5 8. Ngf3
Bxg3 9. hxg3 Nc6 10. Qa4 Qd7 11. O-O-O O-O-O 12. Rh4 Kb8 13. Kb1 h6 14. Bb5 Qc7
15. Qa3 Ne4 16. Nxe4 dxe4 17. Nd2 cxd4 18. cxd4 e5 19. Bxc6 Qxc6 20. Nb3 Qf6
21. Rd2 Rhe8 22. Rh1 Qe7 23. Qa4 Bd5 24. Nc1 exd4 25. Rxd4 Bb7 26. Rhd1 Rxd4
27. Qxd4 Qe5 28. Qd7 Qe6 29. Qd2 Rc8 30. Ne2 Ba6 31. Nc3 Bd3+ 32. Ka1 Qc6 33.
Rc1 Qb7 34. Qd1 f5 35. Qb3 Qd7 36. Rd1 Qc6 37. Rd2 g6 38. a4 a6 39. a5 b5 40.
Qb4 Kb7 41. Qd4 Qc7 42. Qb4 Qc6 43. Ka2 Qc4+ 44. Ka3 Qxb4+ 45. Kxb4 Kc6 46. Nd1
Kd6 47. f4 Ke6 48. Nf2 Bc4 49. g4 Bd5 50. gxf5+ gxf5 51. Nd1 Rc4+ 52. Kb3 Ra4+
53. Kc3 Rc4+ 54. Kb3 Ra4+ 55. Kc3 b4+ 56. Kd4 b3+ 57. Kc5 Rxa5+ 58. Kb6 Rb5+
59. Kxa6 Bc4 60. Ka7 Bd3 1/2-1/2

[Event "Julian Mazur Memorial"]
[Site "Wellington Chess Club"]
[Date "2016.08.25"]
[Round "7"]
[White "Sole, Michael"]
[Black "Farrington, Lawrence"]
[Result "1/2-1/2"]
[WhiteElo "1629"]
[BlackElo "1810"]

1. e4 e6 2. d4 d5 3. exd5 exd5 4. Bd3 Nf6 5. Nf3 h6 6. O-O Be7 7. Re1 O-O 8.
Nbd2 Bg4 9. Nf1 Nc6 10. c3 Bd6 11. Ng3 Re8 12. Bd2 Qd7 13. h3 Rxe1+ 14. Bxe1
Be6 15. Qc2 Re8 16. Nf5 Bxf5 17. Bxf5 Qe7 18. Bd2 Qd8 19. Qb3 Na5 20. Qb5 b6
21. Re1 Rxe1+ 22. Nxe1 Nc4 23. Nf3 Nxd2 24. Nxd2 Qe7 25. Kf1 Qd8 26. Qa6 Qb8
27. Qc8+ Qxc8 28. Bxc8 g6 29. Ke2 c5 30. g3 cxd4 31. cxd4 Bb4 32. Bb7 Kf8
{There's more, but the state of these scoresheets is making me depressed}
1/2-1/2

[Event "Julian Mazur Memorial"]
[Site "Wellington Chess Club"]
[Date "2016.08.25"]
[Round "7"]
[White "Stoeveken, Peter"]
[Black "Dixon, Hamish"]
[Result "0-1"]
[WhiteElo "1932"]
[BlackElo "1544"]

1. d4 Nf6 2. Bg5 b6 3. Nf3 Bb7 4. Nbd2 d5 5. Bxf6 exf6 6. e3 Bd6 7. Bd3 Nd7 8.
c3 Qe7 9. Qc2 h6 10. Nh4 g6 11. Nhf3 f5 12. O-O-O O-O-O 13. Ne1 c5 14. Qa4 Kb8
15. Nc2 Nf6 16. f3 c4 17. Be2 Qc7 18. Na3 Bc6 19. Qc2 Bxa3 20. bxa3 Rhe8 21. e4
fxe4 22. fxe4 Nxe4 23. Nxe4 Rxe4 24. Kb1 Rde8 25. Bf3 R4e6 26. Qd2 Qe7 27. Kb2
f5 28. Qf2 g5 29. g3 g4 0-1

[Event "Julian Mazur Memorial"]
[Site "Wellington Chess Club"]
[Date "2016.08.25"]
[Round "7"]
[White "Stone, Andrew"]
[Black "Pomeroy, Arthur"]
[Result "0-1"]
[WhiteElo "2063"]
[BlackElo "2133"]

1. e4 c5 2. Nf3 d6 3. d4 cxd4 4. Qxd4 a6 5. h3 Nc6 6. Qe3 Nf6 7. Be2 g6 8. O-O
Bg7 9. c4 O-O 10. Nc3 Nd7 11. Rb1 a5 12. b3 Nc5 13. Bb2 f5 14. Rfd1 fxe4 15.
Nxe4 Nxe4 16. Bxg7 Kxg7 17. Qxe4 Bf5 18. Qh4 Bxb1 19. Rxb1 h6 20. Bd3 e6 21.
Qe4 Qf6 22. Rf1 Rad8 23. Bb1 d5 24. Qe2 Rfe8 25. cxd5 exd5 26. Qb5 Re7 27. Rd1
Red7 28. Qd3 d4 29. Qb5 Re7 30. Qb6 Rde8 31. Bd3 Ne5 32. Qxf6+ Kxf6 33. Nxd4
Nxd3 34. Rxd3 Rd8 35. Rf3+ Kg7 36. Nc2 Rd2 37. Ne3 Rxa2 38. h4 Rf7 39. Rxf7+
Kxf7 40. Nc4 Ke6 41. g3 b5 42. Ne3 Rb2 43. h5 gxh5 44. f4 Rxb3 45. Nc2 Rb1+ 0-1

[Event "Julian Mazur Memorial"]
[Site "Wellington Chess Club"]
[Date "2016.08.25"]
[Round "7"]
[White "Wight, Joshua"]
[Black "Meravanage, Satwik"]
[Result "1-0"]
[WhiteElo "1534"]
[BlackElo "1395"]

1. e4 e5 2. Nf3 Nc6 3. Bb5 a6 4. Bxc6 dxc6 5. d3 Bd6 6. h3 Ne7 7. b3 Ng6 8. Qd2
f6 9. Qc3 Qe7 10. a3 Nf4 11. Bxf4 exf4 12. O-O O-O 13. b4 Re8 14. Re1 Bd7 15.
Nbd2 c5 16. Rab1 cxb4 17. axb4 Bc6 18. Qb3+ Qf7 19. Nc4 Rad8 20. e5 Bxf3 21.
exd6 Bd5 22. dxc7 Qxc7 23. b5 axb5 24. Qxb5 Qc6 25. Qxc6 bxc6 26. Kf1 Re6 27.
Rb4 Rde8 28. Rxe6 Rxe6 29. Nd2 f3 30. Nxf3 Bxf3 31. gxf3 Re5 32. Rc4 c5 33. f4
Rd5 34. Ke2 Rh5 35. c3 Rxh3 36. Rxc5 h5 37. c4 h4 38. Ra5 Rh1 39. c5 h3 40. c6
h2 41. Rh5 g6 42. c7 Rc1 43. c8=Q+ Rxc8 44. Rxh2 Re8+ 45. Kd2 1-0

[Event "Julian Mazur Memorial"]
[Site "Wellington Chess Club"]
[Date "2016.09.01"]
[Round "8"]
[White "Barraza, Jesse"]
[Black "Stone, Andrew"]
[Result "0-1"]
[WhiteElo "1925"]
[BlackElo "2063"]

1. c4 Nf6 2. Nc3 g6 3. d4 d5 4. e3 Bg7 5. Qc2 O-O 6. cxd5 Nxd5 7. Nxd5 Qxd5 8.
Nf3 Bf5 9. Bd3 Bxd3 10. Qxd3 c5 11. e4 Qd7 12. Bf4 cxd4 13. Rc1 Nc6 14. Qb5 Qg4
15. Qg5 Qe6 16. O-O Qxe4 17. Rc5 f6 18. Qg3 e5 19. Bd2 Qd3 20. Qg4 e4 21. Qe6+
Kh8 22. Ng5 fxg5 23. Bxg5 Rae8 24. Qd7 e3 25. h4 exf2+ 0-1

[Event "Julian Mazur Memorial"]
[Site "Wellington Chess Club"]
[Date "2016.09.01"]
[Round "8"]
[White "Brockway, Andrew"]
[Black "Sole, Michael"]
[Result "1-0"]
[BlackElo "1637"]
[BlackFideId "14206463"]
[BlackTeam "Uzbekistan"]
[EventDate "2016.09.01"]
[WhiteElo "1801"]
[WhiteFideId "13800698"]
[WhiteTeam "Kyrgyzstan"]
[WhiteTitle "IM"]

1. e4 c5 2. Nc3 d6 3. Bb5+ Bd7 4. Bc4 Nf6 5. f4 Nc6 6. Nf3 e6 7. O-O Be7 8. d3
O-O 9. Qe1 Re8 10. Qg3 Na5 11. Bb3 Nxb3 12. axb3 b5 13. e5 Nd5 14. Ne4 dxe5 15.
fxe5 Bc6 16. Nfg5 Rf8 17. Qh3 Bxg5 18. Nxg5 h6 19. Ne4 Ne7 20. Nd6 Nc8 21. Qg3
Kh7 22. Nxf7 Qe7 23. Ng5+ hxg5 24. Rxf8 Qxf8 25. Qh3+ Kg8 26. Qxe6+ Kh8 27.
Qxc6 Ne7 28. Qe4 Nf5 29. Bxg5 1-0

[Event "Julian Mazur Memorial"]
[Site "Wellington Chess Club"]
[Date "2016.09.01"]
[Round "8"]
[White "Dixon, Hamish"]
[Black "Sellen, Ian"]
[Result "0-1"]
[WhiteElo "1613"]
[BlackElo "2116"]

1. e4 e6 2. d4 d5 3. Bd3 Nf6 4. e5 Nfd7 5. Be3 c5 6. c3 Nc6 7. Nf3 Be7 8. O-O
O-O 9. Nbd2 b6 10. h3 f6 11. exf6 Bxf6 12. Qc2 h6 13. Bh7+ Kh8 14. dxc5 bxc5
15. Nb3 Qe7 16. Nh2 Nce5 17. Bg6 a5 18. a4 Rd8 19. Bh5 Ba6 20. Rfd1 Bd3 21. Qc1
Bh7 22. Ng4 Nxg4 23. Bxg4 Rdb8 24. Ra3 Rc8 25. Be2 Be5 26. Bb5 Bd6 27. Ra1 Nf6
28. f3 e5 29. Qd2 d4 30. Bf2 Bg8 31. Nc1 Qc7 32. cxd4 exd4 33. Ne2 Nd5 34. Rac1
Qe7 35. Bg3 Bxg3 36. Nxg3 Ne3 37. Re1 Qe5 38. Ne4 Bh7 39. Rxe3 dxe3 40. Qxe3
Bxe4 41. fxe4 Ra7 42. b3 Re7 43. Re1 Rd8 44. Bc6 Qd4 45. Kh2 c4 46. Bd5 Rxd5
0-1

[Event "Julian Mazur Memorial"]
[Site "Wellington Chess Club"]
[Date "2016.09.01"]
[Round "8"]
[White "Farrington, Lawrence"]
[Black "Forlong-Ford, Colwyn"]
[Result "0-1"]
[WhiteElo "1810"]
[BlackElo "1731"]

1. e4 e5 2. Nf3 Nc6 3. Nc3 Bc5 4. Nxe5 Bxf2+ 5. Kxf2 Nxe5 6. Be2 Qf6+ 7. Ke1
Ne7 8. d4 N5c6 9. Be3 a6 10. Bf3 d6 11. Qd2 h6 12. h3 O-O 13. Rf1 Re8 14. Kf2
Nd8 15. Kg1 Qg6 16. Kh2 b6 17. d5 f5 18. Bf4 Nf7 19. Rae1 Qf6 20. exf5 Bxf5 21.
Ne4 Qxb2 22. a4 Ng6 23. Bg3 Nfe5 24. Rb1 Nxf3+ 25. gxf3 Qa2 26. Ra1 Qc4 27. Rf2
Bxe4 28. fxe4 Rxe4 29. Ra3 Rae8 30. Qd3 Qxd3 31. Rxd3 Rxa4 32. Rc3 Re7 33. h4
Nxh4 34. Rd2 Nf5 35. Bf2 Rae4 36. Kg1 Ne3 37. Re2 Nc4 38. Rxe4 Rxe4 39. Kg2 b5
40. Ba7 Re5 41. Bb8 Ne3+ 42. Kf3 Nxd5 43. Ra3 Re8 44. Ba7 Nb4 45. c3 Ra8 46.
Bf2 Nc6 47. Ke4 Ne7 48. Kd4 c5+ 49. Ke4 g5 50. Be3 a5 51. Ra1 b4 52. cxb4 cxb4
53. Kd3 a4 54. Kc2 b3+ 55. Kb2 Nf5 56. Bf2 d5 57. Rc1 d4 58. Rc6 0-1

[Event "Julian Mazur Memorial"]
[Site "Wellington Chess Club"]
[Date "2016.09.01"]
[Round "8"]
[White "Forster, Bill"]
[Black "Jackson, Ross"]
[Result "1/2-1/2"]
[WhiteElo "2075"]
[BlackElo "2027"]

1. d4 d5 2. c4 c6 3. Nf3 Nf6 4. Nc3 a6 5. e3 e6 6. Bd3 dxc4 7. Bxc4 b5 8. Bd3
c5 9. O-O c4 10. Bb1 Bb7 11. a3 Be7 12. b3 cxb3 13. Qxb3 O-O 14. Ne5 Nc6 15.
Qc2 Rc8 16. Nxc6 Bxc6 17. Bb2 Be4 1/2-1/2

[Event "Julian Mazur Memorial"]
[Site "Wellington Chess Club"]
[Date "2016.09.01"]
[Round "8"]
[White "Nijman, Brian"]
[Black "Croad, Nicolas"]
[Result "0-1"]
[WhiteElo "2141"]
[BlackElo "2412"]

1. d4 Nf6 2. Bg5 d5 3. e3 c6 4. Nd2 Bg4 5. Ne2 Nbd7 6. f4 h6 7. Bh4 e6 8. c3
Bd6 9. Qb3 b5 10. Nc1 g5 11. Bg3 Nh5 12. Be2 Bxe2 13. Nxe2 gxf4 14. exf4 Qf6
15. Rf1 Nb6 16. O-O-O a5 17. Qc2 O-O 18. Kb1 c5 19. f5 e5 20. dxe5 Bxe5 21.
Bxe5 Qxe5 22. Nf3 Qf6 23. g4 Ng7 24. Nf4 Rfd8 25. Rfe1 b4 26. Re5 Rab8 27. h4
bxc3 28. g5 Qc6 29. gxh6 Qxh6 30. f6 Nc4 31. Qxc3 Nxb2 32. Rg1 Nd1+ 33. Kc2
Nxc3 34. Reg5 Qxf6 35. Nh5 Rb2+ 36. Kxb2 Na4+ 37. Kc1 Qb2+ 38. Kd1 Nc3+ 39. Ke1
Qe2# 0-1

[Event "Julian Mazur Memorial"]
[Site "Wellington Chess Club"]
[Date "2016.09.01"]
[Round "8"]
[White "Pomeroy, Arthur"]
[Black "Ker, Anthony"]
[Result "1/2-1/2"]
[WhiteElo "2133"]
[BlackElo "2415"]

1. e4 d6 2. d4 Nf6 3. Nc3 g6 4. f4 Bg7 5. Nf3 c5 6. Bb5+ Bd7 7. e5 Ng4 8. Bxd7+
Qxd7 9. d5 dxe5 10. h3 e4 11. Nxe4 Nf6 12. Nxf6+ Bxf6 13. O-O Na6 14. Ne5 Qd6
15. c4 O-O 16. Qf3 b5 17. b3 bxc4 18. bxc4 e6 19. Be3 Nb4 20. dxe6 Nc2 21.
exf7+ Kg7 22. Rad1 Nd4 23. Qf2 Rad8 24. Rd2 Qe6 25. Bxd4 cxd4 26. Rxd4 Rxd4 27.
Qxd4 Rxf7 28. Qd3 Re7 29. Qe4 {I don't think this is quite right, but I know
that Arthur was 2 pawns up and it ended in a draw in about 56 moves} 1/2-1/2

[Event "Julian Mazur Memorial"]
[Site "Wellington Chess Club"]
[Date "2016.09.01"]
[Round "8"]
[White "Proctor, Matthew"]
[Black "Aldridge, Alan"]
[Result "0-1"]
[WhiteElo "1458"]
[BlackElo "1992"]
[PlyCount "102"]
[EventDate "2016.??.??"]
[EventRounds "8"]
[EventCountry "NZL"]

1. e4 e5 2. Nf3 Nc6 3. Bc4 Bc5 4. c3 Nf6 5. d4 exd4 6. cxd4 Bb4+ 7. Nc3 Nxe4 8.
Qb3 O-O 9. O-O Bxc3 10. bxc3 Na5 11. Qb4 Nxc4 12. Qxc4 d6 13. Re1 Re8 14. d5
Bf5 15. g4 Bg6 16. h4 Qd7 17. Nh2 Nc5 18. Be3 Bd3 19. Qf4 Re4 20. Qg3 Rae8 21.
Rad1 Bc4 22. Rd4 Rxd4 23. cxd4 Ne4 24. Qf4 Bxd5 25. f3 Nc3 26. Qg5 f6 27. Qh5
Bf7 28. Qa5 Nd5 29. Kf2 Nxe3 30. Rxe3 Rxe3 31. Kxe3 a6 32. Kd3 Qc6 33. g5 Qc4+
34. Ke3 Qc1+ 35. Ke4 Bg6+ 36. Kd5 fxg5 37. Ke6 Bf7+ 38. Kd7 Qc6+ 39. Kd8 Be6
40. Qxc7 gxh4 41. a3 Qxc7+ 42. Kxc7 Bd5 43. Kxd6 Bc4 44. d5 Kf7 45. Kc5 Bb3 46.
d6 Ba4 47. Kb6 Bc6 48. Ng4 Ke6 49. Kc7 h3 50. Ne5 Kxe5 51. d7 Bxd7 0-1

[Event "Julian Mazur Memorial"]
[Site "Wellington Chess Club"]
[Date "2016.09.01"]
[Round "8"]
[White "Zhao, Aiden"]
[Black "Landrain, Marc"]
[Result "1-0"]
[WhiteElo "1231"]
[BlackElo "1528"]

1. e4 e5 2. Nf3 Nc6 3. Bc4 d6 4. c3 Bg4 5. h3 Bh5 6. Be2 Nf6 7. d4 Nxe4 8. dxe5
d5 9. Bf4 g5 10. Bh2 Bc5 11. O-O g4 12. hxg4 Bxg4 13. Nfd2 Bxe2 14. Qxe2 Qg5
15. Nxe4 dxe4 16. Qxe4 O-O-O 17. Bg3 Kb8 18. Bh4 Qg6 19. Qxg6 hxg6 20. Bxd8
Rxd8 21. Nd2 Nxe5 22. Ne4 Bb6 23. Rad1 Rg8 24. Nf6 Rh8 25. Rfe1 Nc4 26. b3 Nd6
27. Re2 a6 28. Re4 Ka7 29. Nd5 Rh5 30. Nxb6 Kxb6 31. Re5 {I don't seriously
think these are the right moves} 1-0

[Event "Club Championships"]
[Site "Wellington Chess Club"]
[Date "2016.09.08"]
[Round "1"]
[White "Asher, Bruce"]
[Black "Zhao, Aiden"]
[Result "1-0"]
[WhiteElo "1316"]
[BlackElo "1289"]

1. e4 e5 2. Nf3 Nc6 3. Bb5 Qf6 4. Nc3 Bc5 5. d3 Nge7 6. Bg5 Qg6 7. Qd2 O-O 8.
O-O Re8 9. h3 Nd4 10. Nxe5 Qd6 11. Bf4 f6 12. Ng6 Qb6 13. Bc4+ Ne6 14. Nxe7+
Rxe7 15. Nd5 Qxb2 16. Nxe7+ Bxe7 17. Bxc7 Kh8 18. Rab1 Qd4 19. c3 Qc5 20. Bg3
b6 21. Rb5 Qa3 22. Bd5 Bc5 23. Bxa8 Nc7 24. Bxc7 Ba6 25. Rb3 Qa5 26. Re1 1-0

[Event "Club Championships"]
[Site "Wellington Chess Club"]
[Date "2016.09.08"]
[Round "1"]
[White "Austin, Tama"]
[Black "Baker, Jack"]
[Result "0-1"]
[WhiteElo "1539"]
[BlackElo "1619"]

1. d4 d5 2. Bf4 Bg4 3. h3 Bh5 4. g4 Bg6 5. Bg2 Nc6 6. Nc3 Nb4 7. e4 dxe4 8.
Nxe4 Qxd4 9. c3 Qxd1+ 10. Rxd1 Na6 11. Nf6+ exf6 12. Bxb7 Rd8 13. Bxa6 Rxd1+
14. Kxd1 c6 15. Be3 Bd6 16. Bxa7 Ne7 17. Ne2 O-O 18. Bb6 Rb8 19. Be3 Rxb2 20.
Bc4 Bc2+ 21. Ke1 Be4 22. Rf1 Bg2 23. Rg1 Bf3 24. Bc1 Rb7 25. Nd4 Rb1 26. Nxf3
Rxc1+ 27. Kd2 Bf4+ 28. Kd3 Rxg1 29. Nxg1 Ng6 30. Ne2 Bc7 31. a4 Ne5+ 32. Kd4
Bb6+ 33. Ke4 Nxc4 34. Nd4 Nb2 35. Nxc6 Nxa4 36. c4 Bxf2 37. Nd4 h5 38. Kd5 hxg4
39. hxg4 Kh7 40. c5 Bxd4 41. Kxd4 Nxc5 42. Kxc5 Kg6 0-1

[Event "Club Championships"]
[Site "Wellington Chess Club"]
[Date "2016.09.08"]
[Round "1"]
[White "Barraza, Jesse"]
[Black "Wilkins, Mark"]
[Result "0-1"]
[WhiteElo "1957"]
[BlackElo "1969"]

1. c4 Nf6 2. d4 e6 3. Nf3 Bb4+ 4. Nc3 O-O 5. e3 c5 6. Bd3 d5 7. O-O Bxc3 8.
bxc3 b6 9. cxd5 exd5 10. c4 dxc4 11. Bxc4 Ba6 12. Bxa6 Nxa6 13. Qa4 Qc8 14. Ba3
Qb7 15. Rab1 Rfc8 16. Rfc1 cxd4 17. Nxd4 Rxc1+ 18. Rxc1 Nc5 19. Bxc5 bxc5 20.
Qc6 Qxc6 21. Nxc6 Nd7 22. Rd1 Nb6 23. Nxa7 g6 24. Rb1 Rxa7 25. Rxb6 Rxa2 26.
Kf1 Kf8 27. Rd6 Ke7 28. Rd3 c4 29. Rc3 Ra4 30. Ke2 Kd6 31. e4 Kc5 32. Ke3 Kb4
33. Kd4 Kb5 34. f4 h5 35. g3 Rb4 36. h3 Ra4 37. g4 hxg4 38. hxg4 Rb4 39. g5 Ra4
40. f5 Rb4 41. f6 Rb1 42. Rg3 Rd1+ 43. Kc3 Kc5 44. Re3 Rc1+ 45. Kd2 Rg1 46. e5
Rxg5 47. e6 fxe6 48. Rf3 Rd5+ 49. Kc3 Rd8 50. Rg3 Rf8 51. Rxg6 Kd5 52. Rg5+ e5
53. Rg4 Rxf6 54. Rxc4 Rf3+ 55. Kb4 Rf4 0-1

[Event "Club Championships"]
[Site "Wellington Chess Club"]
[Date "2016.09.08"]
[Round "1"]
[White "Brockway, Andrew"]
[Black "Rossiter, Philip"]
[Result "0-1"]
[WhiteElo "1801"]
[BlackElo "1897"]

1. e4 Nf6 2. e5 Nd5 3. d4 d6 4. c4 Nb6 5. exd6 cxd6 6. Nc3 Nc6 7. Be3 g6 8. Rc1
Bg7 9. b3 Bf5 10. Nf3 O-O 11. Be2 Bg4 12. h3 Bxf3 13. Bxf3 Nd7 14. O-O a6 15.
Re1 Rb8 16. Qd2 Nf6 17. Rcd1 Qd7 18. Bh6 Rfd8 19. Bxg7 Kxg7 20. Re2 e6 21. Ne4
Nxe4 22. Rxe4 Qc7 23. Rh4 h5 24. Bxh5 Qe7 25. Rg4 (25. Qf4 Rh8 26. Qg3 Kf8)
25... Rh8 26. Bxg6 fxg6 27. Re1 Rbf8 28. Qe3 Rf6 29. Qd3 Rh5 30. Qe2 Qf8 31. f3
Qf7 32. Re4 e5 33. dxe5 dxe5 34. Qd2 Rf4 35. Qd3 Rhf5 36. Qe3 Rxe4 37. Qxe4 Rf4
38. Qe3 Qd7 39. Qc3 Qd4+ 40. Qxd4 exd4 41. Kf2 Kf6 42. g3 Rf5 43. f4 Ra5 44.
Re2 d3 45. Rd2 Nb4 46. Ke3 Kf5 47. a4 Rc5 48. g4+ Kf6 49. Kd4 b6 50. Ke3 Rc7
51. Kf3 Rh7 52. Kg3 Ke6 53. Rd1 Rd7 54. Rd2 Re7 55. Kf3 Kd6 56. Kf2 Kc5 57. Kf3
Kd4 58. f5 gxf5 59. gxf5 Kc3 60. Rh2 d2 61. Rxd2 Kxd2 62. Kf4 Nd3+ 63. Kg5 Nf2
64. h4 Ne4+ 65. Kg6 Kc3 66. f6 Nxf6 67. Kxf6 Rh7 68. Kg5 Kxb3 69. a5 bxa5 70.
h5 Kxc4 0-1

[Event "Club Championships"]
[Site "Wellington Chess Club"]
[Date "2016.09.08"]
[Round "1"]
[White "Croad, Nicolas"]
[Black "Timergazi, Layla"]
[Result "1-0"]
[WhiteElo "2429"]
[BlackElo "2105"]

1. d4 Nf6 2. c4 g6 3. Nc3 Bg7 4. e4 d6 5. h3 O-O 6. Nf3 e5 7. d5 a5 8. Bg5 Na6
9. a3 Nc5 10. Nd2 a4 11. g4 h6 12. Be3 Nfd7 13. h4 f5 14. exf5 gxf5 15. g5 f4
16. Bxc5 Nxc5 17. Rg1 Kh7 18. Nde4 Nxe4 19. Nxe4 Bf5 20. Bd3 Qd7 21. Qh5 Bg6
22. Nf6+ 1-0

[Event "Club Championships"]
[Site "Wellington Chess Club"]
[Date "2016.09.08"]
[Round "1"]
[White "Dixon, Hamish"]
[Black "Stracy, Don"]
[Result "1-0"]
[WhiteElo "1648"]
[BlackElo "1748"]

1. e4 c5 2. Nf3 e6 3. d4 cxd4 4. Nxd4 Nf6 5. e5 Qa5+ 6. Nc3 Qxe5+ 7. Be2 Nc6 8.
Be3 Be7 9. O-O O-O 10. Nf3 Qb8 11. Qd2 d6 12. Rad1 Rd8 13. h3 a6 14. Bb6 Re8
15. Nd4 Nd7 16. Na4 Nc5 17. Nxc5 dxc5 18. Nb3 Qe5 19. Bf3 Qxb2 20. Bxc6 bxc6
21. Bxc5 Bxc5 22. Nxc5 Qxa2 23. Qd8 Bb7 24. Qd7 Qxc2 25. Nxb7 Qc4 26. Nd6 Qf4
27. Nxe8 Kf8 28. Qd6+ Qxd6 29. Nxd6 Ke7 30. Nc4 1-0

[Event "Club Championships"]
[Site "Wellington Chess Club"]
[Date "2016.09.08"]
[Round "1"]
[White "Farrington, Lawrence"]
[Black "List, Robert"]
[Result "1/2-1/2"]
[WhiteElo "1811"]
[BlackElo "1794"]

1. e4 d6 2. d4 c6 3. Nf3 Bg4 4. Be2 Nd7 5. c4 Qc7 6. Nc3 Ngf6 7. h3 Bh5 8. Bf4
e5 9. dxe5 dxe5 10. Bg3 Bb4 11. Nd2 Bg6 12. Bf3 Nc5 13. Qe2 Rd8 14. O-O Rd4
1/2-1/2

[Event "Club Championships"]
[Site "Wellington Chess Club"]
[Date "2016.09.08"]
[Round "1"]
[White "Forlong-Ford, Colwyn"]
[Black "Wight, Joshua"]
[Result "1-0"]
[WhiteElo "1726"]
[BlackElo "1622"]

1. e4 e5 2. Nf3 Nc6 3. Bc4 d6 4. Nc3 Bg4 5. h3 Bxf3 6. Qxf3 Nf6 7. Bb5 Qd7 8.
Nd5 Be7 9. Nxe7 Kxe7 10. c3 Nd4 11. cxd4 Qxb5 12. Qe3 Rhd8 13. d5 Qb4 14. f3
Qb5 15. d3 Kf8 16. O-O b6 17. b3 Rac8 18. d4 c6 19. dxe5 dxe5 20. Ba3+ Kg8 21.
Be7 Rd7 22. Bxf6 gxf6 23. Rfc1 Rd6 24. f4 Qa6 25. fxe5 fxe5 26. Qg5+ Rg6 27.
Qxe5 cxd5 28. exd5 Rxc1+ 29. Rxc1 Qxa2 30. Rc8# 1-0